000 00370nam a2200157Ia 4500
008 230711s9999||||xx |||||||||||||| ||und||
041 _aENG
082 _a720
_bCO-A
100 _aCouncil of Architecture
245 0 _aArchiving 06,07,08 architectural thesis
250 _a1st
260 _c2011
_aPune
_bNIASA
300 _a158
650 _aArchitecture
942 _cBK
999 _c5424
_d5424